LDR 00711naa#a2200193#i#450# 001 EN\\bibl\120540 005 20260503190253.7 011 ## _a2500-1825 100 ## _a20260331b2026####ek#y0engy0150####ca 102 ## _aRU 200 1# _aINDIVIDUALISM AS THE MOST IMPORTANT FACTOR IN THE FORMATION OF BUSINESS CULTURE _eJournal article 210 1# _aKrasnoyarsk _cKrasnoyarsk State Agrarian University _d2026 215 ## _a10 с. 608 ## _aJournal article _2local 675 ## _aЭкономика. Народное хозяйство. Экономические науки. 33 _z 700 #1 _aArenkov _gIgor' Anatol'evich 700 #1 _aZyabrikov _gVladimir Vasil'evich 700 #1 _aShevazuckiy _gIgor' Romanovich 856 4# _asej.kgau.ru _u